| 000 | 00584cam a2200157 a 4500 | ||
|---|---|---|---|
| 020 | _a996677839X | ||
| 040 | _cDLC | ||
| 082 | 0 | 4 | _a551 FAO 2009 C101 Or. |
| 245 | 1 | 0 |
_aClimate change and economic development in sub-Saharan Africa : _bAERC Senior Policy Seminar X, Addis Ababa, Ethiopia, 7-9 April, 2008 : seminar papers. |
| 260 |
_aNairobi : _bAfrican Economic Research Consortium, _cc2009. |
||
| 300 |
_axvii, 108 p. : _bcol. ill., col. maps ; _c25 cm. |
||
| 650 | 0 | _aClimatic changes | |
| 650 | 0 | _aGlobal warming | |
| 710 | 2 | _aAfrican Economic Research Consortium. | |
| 942 | _cAEDBB | ||
| 999 |
_c20826 _d20826 |
||